| 000 | 00585nam a2200181 a 4500 | ||
|---|---|---|---|
| 001 | 000022524 | ||
| 005 | 20200930021645.0 | ||
| 008 | 101012s2003 sp 000 0 spa d | ||
| 020 | _a8483187744 | ||
| 040 |
_aDO-SdBNP _bspa _cBNPHU |
||
| 082 |
_axxx _bA329a |
||
| 100 | 1 |
_aAlberch Fugueras, Ramón _946371 |
|
| 245 | 1 | 4 |
_aLos archivos, entre la memoria histórica y la sociedad del conocimiento / _cRamón Alberch Fugueras; prólogo de Michel Duchein. |
| 260 |
_aBarcelona : _bUOC, _c2003. |
||
| 300 |
_a221 p. ; _c24 cm. |
||
| 700 | 1 |
_aDuchein, Michel _epról. _946372 |
|
| 049 | _aBNPD | ||
| 999 |
_c22022 _d22022 |
||